LEADER 02879nas a2200529 u 4500 001 000000022400 003 CaOOAMICUS 005 20070226111124.0 008 910718c18909999mauqr1p u0 u eng u 022 0 $a0021-9231 035 $a10559898 040 $aNcD$bita$cNcD$dNSDP$dm.c.$dOCoLC$dInU$dAIP$dMBTI$dDLC$dNST$dMH 042 $ansdp$alc 082 $a220.05 130 0 $aJournal of Biblical Literature$g[Spogli].$0(OLS)http://pul/title/31232 210 0 $aJ. Biblic. lit. 222 00$aJournal of biblical literature 245 10$aJournal of Biblical Literature. 260 $a[Boston, Mass.] :$bSociety of Biblical Literature and Exegesis,$c1890- 300 $av. :$bill. ;$c24 cm 310 $aQuarterly,$b1912- 321 $aSemiannual,$b1890-1911 362 0 $aVol. 9- 500 $aImprint varies. 510 2 $aOld Testament abstracts$x0364-8591 510 2 $aNew Testament abstracts$x0028-6877 510 2 $aRecently published articles$x0145-5311 510 2 $aBook review index$x0524-0581 510 2 $aReference sources$x0163-3546 510 1 $aHumanities index$x0095-5981 510 2 $aReligion index one. Periodicals$x0149-8428$b1949- 550 0 $aVols. for 1890-1962 issued by: Society of Biblical Literature and Exegesis; 1963-<1987-> by: Society of Biblical Literature. 555 $aVols. [1] (1881)-9 (1890) in v. 9 (Includes index to earlier title); v. 10 (1891)-15 (1896) in v. 15; v. [1] (1881)-20 (1901) in v. 20 (Includes index to earlier title); v. 21 (1902)-40 (1921) in v. 40; v. 41-(1922)-60 (1941). 1v.; v. 61 (1941)-100 (1981). 1v. 555 $aVols. [1] (1881)-9 (1890) in v. 9 (Includes index to earlier title); v. 10 (1891)-15 (1896) in v. 15; v. [1] (1881)-20 (1901) in v. 20 (Iincludes index to earlier title); v. 21 (1902)-40 (1921) in v. 40; v. 41-(1922)-60 (1941). 1v.; v. 61 (1941)-100 (1981). 1v. 630 00$aBible$xPeriodicals.$2//eng$0(OLS)http://pul/subject/12608 710 2 $aSociety of Biblical Literature.$0(OLS)http://pul/name/13666 710 2 $aSociety of Biblical Literature and Exegesis (Stati Uniti).$0(OLS)http://pul/name/19022 780 00$tJournal of the Society of Biblical Literature and Exegesis ... 850 $aPUL 852 $aPUL$W1$xSL Riviste Correnti$y14$m3-135/SL220.05Riv.8/DP1347.F$j31431$nSE-PRI$qPeriodici$q$b1957-$B31431$CPULBib$Z2$F31431 $Hnull $81 941 1 $a5 996 $6022$a0021-9231$9(OLS)http://pul/number/28173 996 $6082$a220.05$9(OLS)http://pul/classification/282 996 $6210$aJ. Biblic. lit.$9(OLS)http://pul/title/31233 996 $6222$aJournal of biblical literature$9(OLS)http://pul/title/31234 996 $6245$aJournal of Biblical Literature$9(OLS)http://pul/title/31235 996 $6260$a[Boston, Mass.] :$bSociety of Biblical Literature and Exegesis$9(OLS)http://pul/publisher/57601 LEADER 01258nam a2200301 a 4500 001 000000171692 003 CaOOAMICUS 005 20190327163517.0 008 190327s2019 it d u000 u ita r 020 $a978-88-430-9474-5* 032 $aLibriCat 040 $aPUL$bita 082 04$a530.1 245 13$aLa natura delle cose : $bintroduzione ai fondamenti e alla filosofia della fisica /$cValia Allori... [et al.]. 260 $aRoma :$bCarocci,$c©2019. 300 $a447 p. ;$c22 cm 490 1 $aAulamagna ;$v58 504 $aBibliografia in nota a pič pagina. 650 4$aFilosofia della natura.$0(OLS)http://pul/subject/8566 830 0$aAulamagna$b(Carocci) ;$v58.$0(OLS)http://pul/title/212516 850 $aPUL 852 $aPUL$W1$xSL Cons. Gen., Altre Classi 3$y75$m530. 1 ALLVA 1$j195488$qDDC 21$B200350$CPULBib$Z2$F200350 $H132456 $82 941 1 $a9 996 $6020$a978-88-430-9474-5*$9(OLS)http://pul/number/165913 996 $6082$a530.1$9(OLS)http://pul/classification/2404 996 $6245$aLa natura delle cose : $bintroduzione ai fondamenti e alla filosofia della fisica$9(OLS)http://pul/title/212525 996 $6260$aRoma :$bCarocci$9(OLS)http://pul/publisher/66917